Дело по представлению киевского попечителя о передаче находящихся в городе Житомире еврейских учебных заведений из ведения дирек...

Доступно только в Электронных читальных залах Найти на картеНа карте
RUSMARC
00003835nmc2a22002413x 450
001a864fbb4-b3ad-4031-b9b2-4007f222f687
00520210823171449.0
100##$a20210317l18661867k l0rusy0189 ca
1010#$arus
102##$aRU
105##$ay###
1222#$ad
2001#$aДело по представлению киевского попечителя о передаче находящихся в городе Житомире еврейских учебных заведений из ведения директора училищ Волынской губернии в ведение директора Житомирского раввинского училища
$j16 декабря 1866 г. - 4 января 1867 г.
215##$a5 л.
$d36,5х26 см
251##$cДело
300##$aДело
371##$aДокумент не является опубликованным и широко распространяемым
461#0$1001a74412a3-3cc5-4d21-8f0a-dfe2fbd9e72d
$12001
$aДепартамент народного просвещения Министерства народного просвещения (1803-1917)
$1251
$cФонд
$1852
$j733
462#0$1001208a61b7-2020-4ed4-afdc-eeb27c3654e1
$12001
$aДела Департамента народного просвещения по части образования евреев (1863-1892 гг.)
$1251
$cОпись
$1852
$j189
801#0$aRU
$bРГИА
$c20210317
$gRCR
801#1$aRU
$bГлавНИВЦ
$c20210317
$2rusmarc
801#2$aRU
$bПБ им. Б.Н. Ельцина
$c20210823
$gRCR
$2rusmarc
850##$aРГИА
852##$aРГИА
$eФедеральное казенное учреждение "Российский государственный исторический архив" (РГИА)
$j185
937##$hРГИА
$d12360345
$aASBIBLIO_SCAN
035##$aRusGRCC00025526
856##$uhttp://readingroom.main.prlib.ru/item.aspx?id_node=n167629185&mode=full
Формат отображения